000 00933 a2200229 4500
005 20260413111602.0
008 260413b |||||||| |||| 00| 0 eng d
020 _a9789326351195 (hbk)
037 _cTB
040 _aCRL
_cCRL
041 _2hin
_ahin
084 _aO152,3N82x Q8
_qCRL
100 _aपाण्डेय, चन्दन
_9860559
245 _aजंक्शन
250 _aसंस्करण 2
260 _bभारतीय ज्ञानपीठ,
_c2016.
_aनयी दिल्ली, भारत:
300 _a120पृ.
490 _aलोकोदय ग्रंथमाला: ग्रंथांक 1175
650 _aहिन्दी कहानी
942 _cTB
_2CC
_eसंस्करण 2
_hO152,3N82x Q8
999 _c1466656
_d1466656